Normal view
MARC view
- Interpersonal relations
Entry Topical Term
001 - CONTROL NUMBER
- control field: 37179
003 - CONTROL NUMBER IDENTIFIER
- control field: NUST
005 - DATE AND TIME OF LATEST TRANSACTION
- control field: 20210314130217.0
008 - FIXED-LENGTH DATA ELEMENTS
- fixed length control field: 210314|| aca||aabn | a|a d
040 ## - CATALOGING SOURCE
- Original cataloging agency: NUST
- Transcribing agency: NUST
150 ## - HEADING--TOPICAL TERM
- Topical term or geographic name entry element: Interpersonal relations
- General subdivision: Religious aspects
- General subdivision: Christianity
670 ## - SOURCE DATA FOUND
- Source citation: Work cat.: (NUST): Dayringer, Richard. 37178, The heart of pastoral counseling :, c1998.
